Zákon z 30. októbra 2003 o sociálnom poistení

Úplné znenie zákona č. 200/2003 Z.z. o sociálnom poistení. Zákon nadobúda účinnosť 1.1. 2004.

Salvato in:
Dettagli Bibliografici
Natura: Capitolo di libro
Lingua:slovacco
Soggetti:
Tags: Aggiungi Tag
Nessun Tag, puoi essere il primo ad aggiungerne!!

MARC

LEADER 00000naa$a2200000$$$4500
001 0003698
005 20230927104741.4
041 0 |a slo 
044 |a SK 
245 1 0 |a Zákon z 30. októbra 2003 o sociálnom poistení 
520 |a Úplné znenie zákona č. 200/2003 Z.z. o sociálnom poistení. Zákon nadobúda účinnosť 1.1. 2004. 
610 2 0 |a zákony 
610 2 0 |a Slovensko 
610 2 0 |a poistenie sociálne 
610 2 0 |a poistenie nemocenské 
610 2 0 |a poistenie dôchodkové 
610 2 0 |a poistenie úrazové 
610 2 0 |a poistenie starobné 
610 2 0 |a poistenie invalidné